000 00300nam a22001217a 4500
020 _a9781639895670
040 _cNUST IESE
082 _a628.161
_bSPO
245 _aWater Quality
_bAssessment and Treatment
260 _aUSA
_bStates Academic Press
_c2021
300 _a249
942 _2ddc
_cBK
_k628.161
999 _c594595
_d594595